Top 10: World Military Elites - Statistics

General Stats
  • This quiz has been taken 1,407 times
    1,391 since last reset
  • The average score is 5 of 10
Answer Stats
# Nation Unit Motto % Correct
2 US Navy SEALs "The only easy day was yesterday"
93%
1 UK SAS "Who dares, wins"
82%
9 Australia SAS "Who dares, wins"
82%
7 US 75th Ranger Regiment "Rangers lead the way"
79%
3 US Delta Force "Liberate the oppressed"
60%
5 Russia Alpha Group "Any mission, any time, any place"
51%
6 US Green Berets "Liberate the oppressed"
43%
10 France GIGN "To save lives"
30%
8 US MARSOC "Always faithful, always forward"
13%
4 Israel Shayetet 13 "Who dares, wins"
5%
No matching quizzes found
Score Distribution
Percent of People with Each Score
Percentile by Number Answered
Your Score History
You have not taken this quiz since the last reset